000
00232nam a2200109Ia 4500
008
190216s9999||||xx |||||||||||||| ||und||
100
_a
Kovilan
245
0
_a
Thazhvarakal
260
_b
Current Books
650
_a
Novel
942
_c
BK
999
_c
30385
_d
30385